000 00315nam a22001457a 4500
008 221117b ||||| |||| 00| 0 eng d
020 _a2901429218701
041 _aeng
080 _a573
082 _a573MOR
100 _a16.1
101 _aBIO
245 _aBIOLOGY HOW LIFE WORKS
_cMORRIS J
942 _2udc
_cBK
999 _c58932
_d58932